| 000 | 01003nmm a2200301 a 4500 | ||
|---|---|---|---|
| 001 | ocm000652731 | ||
| 003 | TR-IsHL | ||
| 005 | 20201028140507.0 | ||
| 008 | 131219s1994 tu tur | ||
| 007 | cr cn | ||
| 020 | _a9789759218232 | ||
| 035 |
_a652731 _b(N$T) |
||
| 050 | 0 | 4 |
_aB3279 _b.A45 1994 |
| 090 | 0 | 4 |
_aB3279 _b.A45 1994 |
| 100 | 1 | _aAllemann, Beda | |
| 245 | 1 | 0 |
_aHeidegger üzerine iki yazı _h[electronic resource] / _cBeda Allemann ; Otto Pöggeler ; çev. Doğan Özlem |
| 260 |
_aAnkara : _bGündogan Yayınları, _c1994 |
||
| 300 | _a128 p. | ||
| 650 | 4 | _aFelsefe, Psikoloji ve Din | |
| 650 | 4 | _aPhilosophy, Psychology and Religion | |
| 650 | 0 |
_aHeidegger, Martin, _x1889-1976 |
|
| 650 | 0 | _aFelsefe, Alman | |
| 650 | 0 | _aPhilosophy, German | |
| 650 | 7 |
_aPHILOSOPHY / History & Surveys / Modern _2bisacsh |
|
| 700 | 1 | _aPöggeler, Otto | |
| 700 | 1 | _aÖzlem, Doğan | |
| 856 | 4 | 0 | _uhttp://search.ebscohost.com/login.aspx?direct=true&scope=site&db=e011xww&AN=652731 |
| 999 |
_c7316 _d7316 |
||